MARC details
| 000 -CABECERA |
| campo de control de longitud fija |
02134nam a2200289 i 4500 |
| 003 - IDENTIFICADOR DEL NÚMERO DE CONTROL |
| campo de control |
DO-SdBNP |
| 005 - FECHA Y HORA DE LA ÚLTIMA TRANSACCIÓN |
| campo de control |
20230726101829.0 |
| 007 - CAMPO FIJO DE DESCRIPCIÓN FÍSICA--INFORMACIÓN GENERAL |
| campo de control de longitud fija |
ta |
| 008 - DATOS DE LONGITUD FIJA--INFORMACIÓN GENERAL |
| campo de control de longitud fija |
221101e2022 dr ||||er|||| 001 j spa d |
| 020 ## - NÚMERO INTERNACIONAL ESTÁNDAR DEL LIBRO |
| Número Internacional Estándar del Libro |
9789945933758 |
| 040 ## - FUENTE DE LA CATALOGACIÓN |
| Centro catalogador/agencia de origen |
DO-SdBNP |
| Lengua de catalogación |
spa |
| Centro/agencia transcriptor |
BNPHU |
| Normas de descripción |
rda |
| 082 #4 - NÚMERO DE LA CLASIFICACIÓN DECIMAL DEWEY |
| Número de clasificación |
RD863.5 |
| Número de documento/Ítem |
Q77d |
| Número de edición |
22 |
| 245 00 - MENCIÓN DE TÍTULO |
| Título |
Quinta dosis: |
| Resto del título |
selección de cuentos del Taller Literario Narradores de Santo Domingo. |
| 264 ## - PRODUCCIÓN, PUBLICACIÓN, DISTRIBUCIÓN, FABRICACIÓN Y COPYRIGHT |
| Producción, publicación, distribución, fabricación y copyright |
Santo Domingo : |
| Nombre del de productor, editor, distribuidor, fabricante |
Últimos Monstruos, |
| Fecha de producción, publicación, distribución, fabricación o copyright |
2022. |
| 300 ## - DESCRIPCIÓN FÍSICA |
| Extensión |
204 páginas ; |
| Dimensiones |
19 cm. |
| 336 ## - TIPO DE CONTENIDO |
| Fuente |
rdacontent |
| Término de tipo de contenido |
texto |
| Código de tipo de contenido |
txt |
| 337 ## - TIPO DE MEDIO |
| Fuente |
rdamedia |
| Nombre/término del tipo de medio |
sin mediación |
| Código del tipo de medio |
n |
| 338 ## - TIPO DE SOPORTE |
| Fuente |
rdacarrier |
| Nombre/término del tipo de soporte |
volumen |
| Código del tipo de soporte |
nc |
| 505 ## - NOTA DE CONTENIDO CON FORMATO |
| Nota de contenido con formato |
A modo de introducción-- |
| Título |
La Misión / |
| Mención de responsabilidad |
Valentín Amaro-- |
| Título |
En vía contraria / |
| Mención de responsabilidad |
Niurca Herrera Mejía-- |
| Título |
Camino a casa / |
| Mención de responsabilidad |
Bileysi Reyes-- |
| Título |
Un poco más de carga / |
| Mención de responsabilidad |
Mildred Rodríguez-- |
| Título |
Obsesión / |
| Mención de responsabilidad |
Belkis M. Marte-- |
| Título |
Rebotes. / |
| Mención de responsabilidad |
Alcedo Sánchez-- |
| Título |
El último cineasta-- |
| Mención de responsabilidad |
Rodolfo Báez-- |
| Título |
Ciguapas / |
| Mención de responsabilidad |
Roxanna Delgado-- |
| Título |
De alguna manera / |
| Mención de responsabilidad |
Bienvenida Morla-- |
| Título |
Marina / |
| Mención de responsabilidad |
Amarilis Cueto-- |
| Título |
El salto / |
| Mención de responsabilidad |
Sadi Féliz Antoine-- |
| Título |
Mike/ |
| Mención de responsabilidad |
Luis Javier-- |
| Título |
Mis tres buenos amigos / |
| Mención de responsabilidad |
Aníbal Hernández Medina-- |
| Título |
Obligado a ser piedra / |
| Mención de responsabilidad |
José Máximiliano Cimarro / |
| -- |
Sus ojos verdes-- |
| Título |
La tienda de sandalias / |
| Mención de responsabilidad |
Juan M. Fructuosos H-- |
| Título |
Corazón abatido / |
| Mención de responsabilidad |
Miguel Ángel Beltré Ramírez-- |
| Título |
Disco rayado / |
| Mención de responsabilidad |
Víctor Escarramán-- |
| Título |
Evitando problemas / |
| Mención de responsabilidad |
María Luisa Tavárez-- |
| Título |
Otro mundo / |
| Mención de responsabilidad |
Ana Rosa Pérez-- |
| Título |
Las ventas de Maraia/ |
| Mención de responsabilidad |
George Pérez-- |
| Título |
Miles de Coronas / |
| Mención de responsabilidad |
Elena Elizabeth Ramos Grullón-- |
| Título |
La metamorfosis, tres formas de contarla / |
| Mención de responsabilidad |
Moisés Santana Castro-- |
| Título |
El cuarto del bochorno-- |
| Mención de responsabilidad |
Ivan Pallano Tejeda-- |
| Título |
Huevos de oro / |
| Mención de responsabilidad |
Scarlet Sánchez-- |
| Título |
No cuenta que te vayas-- |
| Mención de responsabilidad |
Héctor Santana-- |
| Título |
Redención / |
| Mención de responsabilidad |
Luisa Navarro.-- |
| Título |
Conspiración / |
| Mención de responsabilidad |
Ramón Adriano Rivera. |
| 590 ## - NOTA LOCAL (RLIN) |
| Nota local |
Inventariado 2022 / MF |
| 650 #4 - PUNTO DE ACCESO ADICIONAL DE MATERIA--TÉRMINO DE MATERIA |
| Término de materia o nombre geográfico como elemento de entrada |
Literatura dominicana |
| 9 (RLIN) |
80984 |
| 650 #4 - PUNTO DE ACCESO ADICIONAL DE MATERIA--TÉRMINO DE MATERIA |
| 9 (RLIN) |
8799 |
| Término de materia o nombre geográfico como elemento de entrada |
Cuentos dominicanos |
| 710 2# - PUNTO DE ACCESO ADICIONAL--NOMBRE DE ENTIDAD CORPORATIVA |
| Nombre de entidad corporativa o nombre de jurisdicción como elemento de entrada |
Taller Literario Narradores de Santo Domingo. |
| 9 (RLIN) |
82890 |
| 711 ## - PUNTO DE ACCESO ADICIONAL--NOMBRE DE REUNIÓN/CONGRESO |
| Nombre de congreso/reunión o jurisdicción como elemento de entrada |
Taller Literario Narradores de Santo Domingo |
| 9 (RLIN) |
82891 |
| 910 ## - DATOS DE OPCIÓN DEL USUARIO (OCLC) |
| Datos de opción del usuario |
MFeliz/Validado. Control de calidad MFF |
| 942 ## - ELEMENTOS DE PUNTO DE ACCESO ADICIONAL (KOHA) |
| Fuente del sistema de clasificación o colocación |
Dewey Decimal Classification |
| Tipo de ítem Koha |
Libro |